Robustné riadenie viacrozmerného systému

Salvato in:
Dettagli Bibliografici
Autore principale: Madola, Martin, 1987- (Autore)
Altri autori: Rosinová, Danica (Relatore della tesi)
Natura: Manoscritto Libro
Lingua:slovacco
Pubblicazione: Bratislava : STU v Bratislave FEI, 2012
Soggetti:
Accesso online:VAIS
Tags: Aggiungi Tag
Nessun Tag, puoi essere il primo ad aggiungerne!!

MARC

LEADER 00000ntm a22000003a 4500
001 stu250661
005 20160526124255.7
008 120717s2012----xo------------------slo-d
040 |a STU  |b slo 
041 0 |a slo 
044 |a xo 
100 1 |a Madola, Martin,  |d 1987-  |4 aut  |u E  |T FEI Fakulta elektrotechniky a informatiky  |X 35822  |U E  |Y 30  |7 A000035822 
242 0 0 |a Robust control of multivariable system  |y eng 
245 1 |a Robustné riadenie viacrozmerného systému 
260 |a Bratislava :  |b STU v Bratislave FEI,  |c 2012 
300 |a 81 s  |c 6 príl. 
650 7 |a robotics  |2 estusub 
650 7 |a performance  |2 estusub 
650 7 |a stability  |2 estusub 
650 7 |a kvalita riadenia  |2 stusub 
650 7 |a stabilita  |2 stusub 
650 7 |a decentralizované riadenie  |2 stusub 
700 1 |a Rosinová, Danica  |4 ths  |u E010  |T FEI Ústav riadenia a priemyselnej informatiky  |X 4938  |U E010  |Y E010  |7 A000004938 
856 4 |a info a plný text  |u http://is.stuba.sk/zp/portal_zp.pl?podrobnosti=81440  |3 VAIS 
996 |b 284EP10359  |c E*DIPL-10359  |l EE23  |s P  |a 0  |w stu250661_0001